| 000 | 00366nam a2200145Ia 4500 | ||
|---|---|---|---|
| 008 | 230312s9999||||xx |||||||||||||| ||und|| | ||
| 020 | _a1-84720-389-2 | ||
| 082 |
_a331.25 _bVER-G |
||
| 100 | _aProchnow;Dave | ||
| 245 | 0 | _a101 Outer Space Projects for the Evil Genius | |
| 260 |
_bEdward _aUK _c2008 |
||
| 300 | _a261 | ||
| 650 |
_aComputer _vComputer |
||
| 942 | _cBK | ||
| 999 |
_c15374 _d15374 |
||